Enfoque de sistemas de fincas y tipificación de unidades de producción agropecuaria:referencias, comentarios y posiciones preliminares /

Spremljeno u:
Bibliografski detalji
Glavni autor: Kaminiski, Mario
Format: Tekst
Oznake: Dodaj oznaku
Bez oznaka, Budi prvi tko označuje ovaj zapis!

MARC

LEADER 00000 a a2200000 04500
001 43466
003
040
100 |a Kaminiski, Mario  
245 |a Enfoque de sistemas de fincas y tipificación de unidades de producción agropecuaria:referencias, comentarios y posiciones preliminares /  |c Mario Kaminiski 
773 |g páginas 27-36  
999 |c 28766  |d 28766